Programming Perl there's more than one way to do it (Record no. 181345)
[ view plain ]
| 000 -LEADER | |
|---|---|
| fixed length control field | 00499nam a2200169Ia 4500 |
| 005 - DATE AND TIME OF LATEST TRANSACTION | |
| control field | 20241214123433.0 |
| 008 - FIXED-LENGTH DATA ELEMENTS--GENERAL INFORMATION | |
| fixed length control field | 231217s9999 xx 000 0 und d |
| 020 ## - INTERNATIONAL STANDARD BOOK NUMBER | |
| International Standard Book Number | 9788173662652 |
| 082 ## - DEWEY DECIMAL CLASSIFICATION NUMBER | |
| Classification number | 001.6424PER WAL;5 |
| 100 ## - MAIN ENTRY--PERSONAL NAME | |
| Personal name | Wall, Larry. Christiansen ,Tom. Orwant, Jon. |
| 245 #0 - TITLE STATEMENT | |
| Title | Programming Perl there's more than one way to do it |
| 250 ## - EDITION STATEMENT | |
| Edition statement | 3rd ed. |
| 260 ## - PUBLICATION, DISTRIBUTION, ETC. (IMPRINT) | |
| Date of publication, distribution, etc. | 2000 |
| Name of publisher, distributor, etc. | Shroff, |
| Place of publication, distribution, etc. | Bangalore |
| 300 ## - PHYSICAL DESCRIPTION | |
| Extent | xxxiii+1067 |
| 650 ## - SUBJECT ADDED ENTRY--TOPICAL TERM | |
| Topical term or geographic name as entry element | Programming,Perl,there's,more,than,do |
| 942 ## - ADDED ENTRY ELEMENTS (KOHA) | |
| Koha item type | Books |
| Date last seen | Total Checkouts | Full call number | Accession number | Old discount | Cost, replacement price | Price effective from | Category | Lost status | Damaged status | Department | Withdrawn status | bill no. | bill date | Permanent Location | Current Location | Shelving location | Entry date | Vendor | Cost, normal purchase price | Grants | Currency symbol | Conversion rate | Discount | Discount type |
|---|---|---|---|---|---|---|---|---|---|---|---|---|---|---|---|---|---|---|---|---|---|---|---|---|
| 26/01/2024 | 001.6424PER WAL;5 | 50641 | 25 | 562.50 | 26/01/2024 | Books | Central Library | 50261 | 16/01/2012 | Central Library | Central Library | Central Library | 20/10/2008 | Book Paradise | 750.00 | BT | RS | 1 | 187.5 | Rupees | ||||
| 26/01/2024 | 001.6424PER WAL;6 | 50642 | 25 | 562.50 | 26/01/2024 | Books | Central Library | 50261 | 10/10/2011 | Central Library | Central Library | Central Library | 20/10/2008 | Book Paradise | 750.00 | BT | RS | 1 | 187.5 | Rupees | ||||
| 26/01/2024 | 001.6424PER WAL;7 | 50643 | 25 | 562.50 | 26/01/2024 | Books | Central Library | 50261 | 10/10/2011 | Central Library | Central Library | Central Library | 20/10/2008 | Book Paradise | 750.00 | BT | RS | 1 | 187.5 | Rupees | ||||
| 26/01/2024 | 001.6424PER WAL;8 | 50644 | 25 | 562.50 | 26/01/2024 | Books | Central Library | 50261 | 10/10/2011 | Central Library | Central Library | Central Library | 20/10/2008 | Book Paradise | 750.00 | BT | RS | 1 | 187.5 | Rupees | ||||
| 26/01/2024 | 001.6424PER WAL;9 | 50645 | 25 | 562.50 | 26/01/2024 | Books | Central Library | 50261 | 13/10/2011 | Central Library | Central Library | Central Library | 20/10/2008 | Book Paradise | 750.00 | BT | RS | 1 | 187.5 | Rupees |
